Festivus Facts Quiz Stats

 Plays Quiz Updated Mar 29, 2019

Score 0/6 Timer 03:00
0 Plays Today
Question Answer % Correct
Who is the founder of the holiday of Festivus?Frank Costanza
85.4%
While Christmas has a tree, Festivus has a pole. Of what substance is the pole made?Aluminum
78.5%
What man resurrects the holiday of Festivus?Cosmo Kramer
78.2%
During which Festivus aspect does each person tell the others at the table the ways in which he or she has disappointed him or her in the past year?The Airing of Grievances
69.4%
What stage must be completed in order for Festivus to end? (Hint: it involves wrestling and pinning the head of the household)The Feats of Strength
61.8%
What two-word term is used to describe an unusual occurrence during Festivus, such as people untold about a Festivus dinner arriving to the proper location?Festivus Miracle
55.9%

You're not logged in!

Compare scores with friends on all Sporcle quizzes.
OR
Log In

Sporcle TV

Today on Sporcle TV


Watch our educational content, quiz creation guides, and fun videos on Sporcle TV.

Show Comments

Extras

Top Quizzes Today


Score Distribution

Your Account Isn't Verified!

In order to create a playlist on Sporcle, you need to verify the email address you used during registration. Go to your Sporcle Settings to finish the process.

Report this User

Report this user for behavior that violates our Community Guidelines.

Details: